Statistics for Summer Olympics - Medalists in Volleyball

Click here to take the quiz!

General Stats

  • This quiz has been taken 64 times
    (20 since last reset)
  • The average score is 17 of 29

Answer Stats

Olympic Teams% Correct
Brazil
100%
United States
100%
Germany
94%
Argentina
88%
Canada
88%
Italy
88%
Japan
88%
Russia
88%
Poland
82%
Australia
76%
Serbia
76%
China
71%
Netherlands
71%
Cuba
65%
Spain
59%
South Korea
53%
East Germany
47%
Peru
47%
Romania
47%
Soviet Union
47%
Yugoslavia
47%
Bulgaria
41%
Czechoslovakia
29%
North Korea
29%
Switzerland
29%
Latvia
24%
Unified Team
18%
Russian Olympic Committee
12%
Qatar
0%

Score Distribution

Percentile by Number Answered

Percent of People with Each Score

Your Score History

You have not taken this quiz since the last reset